[Event "North American op 23rd"]
[Site "Las Vegas"]
[Date "2013.12.29"]
[Round "7"]
[White "Gareyev, Timur"]
[Black "Yermolinsky, Alex"]
[Result "1-0"]
[WhiteElo "2650"]
[BlackElo "2510"]
[Annotator "Yermolinsky,A"]
[PlyCount "79"]
[EventDate "2013.12.26"]
[EventType "swiss"]
[EventRounds "9"]
[EventCountry "USA"]
[SourceTitle "EXT 2015"]
[Source "ChessBase"]
[SourceDate "2014.11.20"]
[SourceVersion "1"]
[SourceVersionDate "2014.11.20"]
[SourceQuality "1"]

1. d4 Nf6 2. c4 g6 3. Nc3 d5 4. Nf3 Bg7 {I had been doing reasonably well in
the tournament up to this point. For a critical late-round encounter with one
of the most dangerous opponents I decided to fall back on the Gruenfeld
Defense.} 5. h4 {The hunter becomes hunted. I actually considered this
possibility in my brief preparation because of Timur's famous game against Ray
Robson from the US Championship 2013.} c6 {This was played by Magnus Carlsen,
so it can't be bad, can it?} ({Armed with my great 20/20 hindsight I now wish
I followed Ian Nepo and played the simpler line} 5... O-O 6. h5 Nxh5 7. cxd5 c6
8. dxc6 Nxc6 9. e3 Bg4 10. Be2 Rc8 {where Black makes up for his lack of
firepower in the center by keeping his king safe. Hear my advice: the h-pawn
must be destroyed!}) 6. Bg5 O-O ({Some people tried} 6... Ne4 7. e3 Nxg5 8.
hxg5 e6 {in the spirit of the Moscow variation of the Semi-Slav.}) 7. Bxf6 Bxf6
8. h5 g5 $6 {So, I decided not to follow Grischuk-Carlsen, and, instead, took
the treacherous road previously traveled by Fabiano Caruana.} 9. h6 $1 (9. e4
dxe4 10. Nxe4 h6 {and Black did well in Nisipeanu-Caruana, played just a
couple of months before.}) 9... Bf5 {This automatic move may not be Black's
best.} ({Very interesting and thematic would be to to try} 9... dxc4 $5 10. Qd2
(10. e4 {is met by} g4 11. e5 gxf3 12. exf6 fxg2 13. Rg1 exf6 14. Rxg2+ Kh8 15.
Bxc4 Re8+ 16. Be2 Rg8 {How do you like this mess?}) 10... g4 11. Ne5 Be6 12.
Qf4 Nd7 13. Nxg4 Kh8) 10. e3 e6 11. Bd3 Bg6 12. Qe2 $1 {Finally, a novelty.} (
12. Bxg6 hxg6 13. e4 g4 $13 {was Weetik-Popov, I, also from 2013.}) 12... Nd7
13. Rd1 Re8 14. Kf1 {Gareev made a right decision by slowing the game down to
a crawl. The potential weakning of the d5-pawn keeps Black from entertaining
c6-c5 or e6-e5 ideas. Here I faced a problem of finding any reasonable play.}
a6 15. g3 b5 {Chebanenko visiting the Gruenfeld? Well, it works for Gata
Kamsky.} 16. cxd5 cxd5 $2 {A grave positional error, which highlights my lack
of understanding of the situation. White has made a commitment on the kingside,
and he's very unlikely to be able to effectively switch to the siege of the
backward c6-pawn. In the meantime, the e3-e4 push, which Timur smartly delayed,
remains White's main weapon.} ({Therefore, I had to play} 16... exd5 $1 17. Kg2
Nb6 18. a3 $1 ({Other moves are inferior:} 18. b3 Nc8) (18. Bxg6 hxg6 19. e4 b4
) (18. Qc2 Nc4 19. b3 Nd6) 18... Nc4 19. Bxg6 {arriving at an important
junction.} hxg6 (19... fxg6 20. e4 $1 dxe4 ({possibly better is} 20... Qd7 21.
e5 Qf5) 21. Nxe4 Re6 22. Rhe1 Be7 {Black position is far from being stable,
but he keeps up the fight.}) 20. e4 dxe4 21. Nxe4 Nd6 22. Nxf6+ Qxf6 23. Qc2
Nf5 {worse again, but tenable.}) 17. a3 $1 Nb6 18. Kg2 Rc8 {Already here I
became very unhappy with my prospects.} 19. Bxg6 hxg6 20. e4 Kh7 {The only
hope as far as I could tell was to grab the h6-pawn at an opportunate moment.}
21. Rd3 Nc4 (21... Na4 22. e5 Nxc3 23. bxc3 Be7 24. Qe3 $14) 22. e5 Be7 23. a4
$1 {Gareev gets to work to open a second front.} bxa4 24. Nxa4 Rb8 25. b3 Na5
26. Qe3 Rb4 27. Rc3 ({I was looking at} 27. Nc5 g4 28. Nd2 Bg5 29. f4 gxf3+ 30.
Qxf3 Qe7 31. Qf2 {and didn't like what I saw.}) 27... Nxb3 {I decided I might
as well grab a pawn just to have something to suffer for.} ({After} 27... g4
28. Nh2 f5 29. exf6 Bxf6 30. Rd1 Bg5 31. Qd3 {Black's position is a wreck.})
28. Rxb3 Rxa4 29. Rb7 a5 30. Qd3 Rf8 {Protecting against the Nxg5 threat.} ({
The other method,} 30... Kh8 {didn't occur to me. It wouldn't matter much
anyway: White is cruising after} 31. Rc1 Rc4 32. Rxc4 dxc4 33. Qxc4 Kh7 34. Qc6
Kxh6 35. Rd7 Qb8 36. d5) 31. Nh2 Rb4 (31... Rc4 32. Ng4 a4 33. Ra7 a3 34. Rb1
Rc7 35. Rbb7 Rxb7 36. Rxb7 $16) 32. Ra7 Kxh6 {Now or never....} 33. Ng4+ Kg7
34. Qf3 $1 Rg8 ({Here I was not pleased to discover the depth of Gareev's idea.
} 34... Rxd4 {gets swept aside in a spectacular fashion:} 35. Rxe7 Qxe7 36.
Qf6+ Qxf6 37. exf6+ Kg8 38. Nh6+ Kh7 39. f4 $1 {The 4th rank is blocked, so
the saving ...Rh4 won't happen. In the meantime the clumsy Rd4 cannot stop the
white pawn from queening after} Re8 40. Nf5+ Kg8 41. Ne7+ Rxe7 42. fxe7) 35.
Nf6 {Now this... My time was ticking away.} ({Actually,} 35. Nh6 Rf8 36. g4
Rxd4 37. Rxe7 Qxe7 38. Qh3 {was much stronger.}) 35... Rh8 36. Rd7 Qf8 37. Rc1
Rc4 38. Rxc4 dxc4 39. d5 c3 $2 ({For better or worse,} 39... g4 40. Nxg4 exd5
41. Qxd5 c3 42. e6 c2 43. Qd2 {although White has to winning in the end.}) 40.
Qxc3 1-0

[Event "Gashimov Memorial 4th"]
[Site "Shamkir"]
[Date "2017.04.29"]
[Round "8"]
[White "Wojtaszek, Radoslaw"]
[Black "Mamedyarov, Shakhriyar"]
[Result "1-0"]
[WhiteElo "2745"]
[BlackElo "2772"]
[Annotator "Yermolinsky,A"]
[PlyCount "61"]
[EventDate "2017.04.21"]
[EventType "tourn"]
[EventRounds "9"]
[EventCountry "AZE"]
[EventCategory "21"]
[SourceTitle "CBM 178"]
[Source "ChessBase"]
[SourceDate "2017.05.14"]
[SourceVersion "1"]
[SourceVersionDate "2017.05.14"]
[SourceQuality "1"]

1. Nf3 Nf6 2. c4 g6 3. Nc3 d5 4. cxd5 Nxd5 5. Qb3 Nb6 6. d4 Bg7 7. e4 Bg4 (7...
Bxd4 {is high on the not recommended list.} 8. Bh6 Be6 9. Qc2 c5 10. Nxd4 cxd4
11. Rd1 $16 {Novoselski-Djuric, 1990}) 8. Bb5+ c6 9. Ng5 $1 {The ownership of
this unexpected idea belongs to Illescas, although he lost to Negi in 2010.
Ever since, it has drawn a lot of attention from top players: Nakamura,
Topalov, Aronian, Navara etc..} O-O 10. Be2 Bxe2 (10... Bc8 11. h4 $1) 11. Nxe2
{Somehow the d4-pawn survived.} Na6 $5 {Shak is not the kind of man to back
down, but what follows requires Black to walk a tightrope - perhaps, not the
most optimal strategy when the tournament victory needs to be secured above
anything else.} ({Wojtaszek had already had a game in this line. His opponent 
(Jumabaev, 2016) chose wisely:} 11... h6 12. Nf3 Na6 13. Be3 {White has a
normal opening advantage, and the pawn on h6 may cause Black some headache
later in the game, but, more importantly, he's not getting mated any time soon.
}) 12. Qh3 h6 13. Nf3 h5 14. Rg1 Nb4 {I am not familiar with this move.} ({
All I know is that Sutovsky played} 14... Nd7 {twice in 2013. The thematic} 15.
e5 {is best, and this is what Cheparinov used against Sutovsky:} ({Emil
survived against Jakovenko after} 15. g4 Nf6) 15... Nb4 16. g4 Nc2+ 17. Kf1
Nxe5 18. Nxe5 Bxe5 19. gxh5 Qc8 20. Rg4 Qf5 21. dxe5 Rad8 22. hxg6 {Here Black
played the unfortunate} Rd1+ (22... fxg6 23. Nf4 Rd1+ {was the right move
order. According to the engines, this, like nearly every other forced line in
today's chess, should end in a draw.}) 23. Kg2 Ne1+ (23... fxg6 24. Qb3+) 24.
Kg3 Qf3+ 25. Kh4 Qxf2+ 26. Kg5 {and White is winning. An absolute brilliancy
from Ivan Cheparinov. I know the Short-Timman king walk was instructive, but
in that game Black could barely move his pieces. This one has a much higher
degree of difficulty.}) 15. g4 $1 {Radoslaw is not going to be denied!} Qd7 (
15... Nc2+ 16. Kf1 Nxa1 17. gxh5 Qd7 18. Qh4 {doesn't really change anything.})
16. Qh4 $1 Nc2+ 17. Kf1 Nxd4 {Rejecting the rook must not have easy to
Mamedyarov.} (17... Nxa1 18. gxh5 {Here Black won't be able to save his king
without suffering heavy losses. One line goes as follows:} Bf6 (18... Nc2 19.
hxg6 fxg6 20. Ng5 Rf6 21. Qh7+ Kf8 22. e5 Rf5 23. Qxg6 Rxg5 24. Rxg5 e6 25.
Qxc2) (18... Nd5 $5 19. exd5 cxd5 20. hxg6 fxg6 21. Ng5 Rf6 22. Qh7+ Kf8 23.
Nf4 Qf5 24. Nge6+ Rxe6 25. Nxe6+ Qxe6 26. Rxg6 Qg8 27. Rxg7) 19. Bg5 Bg7 20. h6
$1 Bf6 21. Bxf6 exf6 22. Ng3 $1 (22. Qxf6 $4 Qh3+) 22... Kh7 23. Qxf6 Qh3+ 24.
Rg2 Qxh6 25. Ng5+ Kg8 26. Nf5 {curtains.}) 18. Nexd4 Bxd4 19. gxh5 Bf6 20. Bg5
{It looks to me like White just got himself a free ride.} Bxb2 21. Re1 Qd3+ 22.
Kg2 f6 23. Bh6 g5 {A desperate attempt to stop the flood.} 24. Nxg5 $1 {
When the levee breaks....} Rf7 25. Nxf7 Kxf7 26. Re3 Qc2 27. Rg3 Bd4 28. Rg7+
Ke6 29. Qg4+ Kd6 30. Be3 Bxe3 31. Qg3+ 1-0

[Event "Chicago op 22nd"]
[Site "Wheeling"]
[Date "2013.05.26"]
[Round "7"]
[White "Yermolinsky, Alex"]
[Black "Kleinman, Michael"]
[Result "1-0"]
[WhiteElo "2498"]
[BlackElo "2302"]
[Annotator "Yermolinsky,A"]
[PlyCount "49"]
[EventDate "2013.05.23"]
[EventType "swiss"]
[EventRounds "9"]
[EventCountry "USA"]
[SourceTitle "EXT 2015"]
[Source "ChessBase"]
[SourceDate "2014.11.20"]
[SourceVersion "1"]
[SourceVersionDate "2014.11.20"]
[SourceQuality "1"]

1. d4 Nf6 2. c4 g6 3. Nc3 d5 4. Nf3 Bg7 5. h4 {As I career Gruenfeld player I
took note of this move as it appeared in top-level games thanks to efforts of
Morozevich, Mamedyarov and many others. Having looked at some of those as part
of my job as online commentator, I figured I was ready to get myself a piece
of action.} dxc4 6. e4 Bg4 {This is a logical move because it stops h4-h5.
Black is also counting on a standard plan of putting pressure against the
d4-pawn, similar to the Russian System with Qb3. The similarity, however, is
not complete: here White's development is more streamlined because he doesn't
waste time on queen moves. I'd rather compare this situation with some failed
attempts to incorporate Gruenfeld ideas into the Queens Gambit Accepted.} ({
A lot has been said about} 6... c5 7. d5 b5 {I can only add that after} 8. h5 {
Black's best appears to be not castling, but rather} Nxh5 9. Nxb5 O-O 10. Bxc4
Nd7 {which was played by Vachier-Lagrave against Mamedyarov twice!}) 7. Bxc4
O-O 8. Be3 Nc6 9. d5 $1 {During the game I came to a conclusion that all plans
with e4-e5 are ineffective because of the Nh5 blockade. Now I'm not so sure.} (
{It is quite a stretch to assume Black survives} 9. e5 Nh5 10. Ne4 {but he
certainly has play after} Qc8) 9... Ne5 (9... Bxf3 10. gxf3 Na5 11. Be2 c6 {
is an attempt at counterplay, but White emerges on top after} 12. b4 Nxd5 13.
Nxd5 cxd5 14. exd5 Bxa1 15. Qxa1 Qxd5 16. Bh6 f6 17. Bxf8 Kxf8 18. bxa5) 10.
Be2 Nxf3+ (10... Nh5 11. Qb3 Qc8 12. O-O-O {White's way ahead a normal
schedule of the Qb3 system.}) 11. gxf3 Bh5 12. e5 (12. Qb3 Nd7 13. O-O-O) 12...
Ne8 13. f4 Bxe2 14. Qxe2 f6 $1 {Gotta give him credit for this one. I had to
sit down and calculate a lot of stuff.} 15. f5 $5 {A trademark Kramnik pawn
push that took me some effort to find.} ({First, I dumped} 15. Bd4 {is too
slow:} c6) ({Second,} 15. e6 f5 16. O-O-O Nf6 {went down the drain, as my pawn
structure looked ugly.}) ({So, I switched to} 15. h5 {expecting it to work,
but upon closer examination} fxe5 16. hxg6 hxg6 ({I was ready for} 16... exf4 {
with the wicked shot} 17. Bd4 $1 {but even here Black manages to keep his head
above the water:} Qd6 18. Bxg7 Nxg7 19. gxh7+ Kh8 20. O-O-O f3 21. Qd3 e6) 17.
fxe5 Bxe5 18. O-O-O Qd6 {didn't appear so convincing.}) 15... gxf5 (15... fxe5
16. fxg6 hxg6 17. h5 {has to be strong for White.}) 16. e6 Kh8 $1 {The
Canadian player defends tenaciously. His plan is to play Rg8 and clear the
f8-square for his bishop.} ({Otherwise,} 16... Nd6 17. h5 h6 18. Rg1 {is
prosaic.}) 17. O-O-O (17. h5 Rg8) 17... Nd6 18. h5 Rg8 19. Qf3 $2 {I switched
my plan in favor of the Nc3-e2-f4-g6 idea, but it never materializes.} ({
I should have stick to the basics:} 19. Rdg1 Qe8 20. f3 $1 {That's the move I
didn't see.} c6 21. h6 Bf8 22. Rxg8+ Kxg8 23. Rg1+ Kh8 24. Qg2 Qg6 {and now
the final queen approach:} 25. Qh3 Qe8 26. Qg3 Qg6 27. Qh4 Qe8 28. Bd4 $18 Qd8
29. Qg5) 19... Nc4 20. Bf4 (20. h6 {I was not to happy with surrendering the
g6-square.} Bf8 21. Bf4 Nd6 22. Ne2 Qe8 23. Kb1) 20... Ne5 21. Qe2 $5 {Once
again, I chose the most complex continuation.} (21. Bxe5 fxe5 22. h6 Bf6 23.
Qxf5 Bg5+ 24. Kb1 Bf4 25. Ne4 $16 {wasn't enough for me.}) 21... Qd6 22. Kb1 $1
Qb4 23. Rh4 $1 Bh6 $2 {He walks into the main line.} ({I expected} 23... Ng4 {
and prepared} 24. Bxc7 Rac8 25. d6 $1 exd6 26. Nd5 Qc5 27. f3 Ne5 28. h6 Bf8
29. e7 Bxe7 30. Nxe7 Qxc7 31. Nxg8 Rxg8 32. Rhd4 $18) ({As usual,} 23... h6 {
is nothing to worry about.} 24. Bg3 Qc5 25. Qc2 $16) ({And finally, on} 23...
Nc4 {I had} 24. Bg3 (24. Ka1 Qc5 25. Bc1 Ne5 26. Qc2) 24... b5 25. Nxb5 Qxb5
26. Qxc4 $18) 24. Qxe5 Rg4 25. Rxg4 1-0